<?xml version="1.0" encoding="UTF-8"?>
<record
    xmlns:xsi="http://www.w3.org/2001/XMLSchema-instance"
    xsi:schemaLocation="http://www.loc.gov/MARC21/slim http://www.loc.gov/standards/marcxml/schema/MARC21slim.xsd"
    xmlns="http://www.loc.gov/MARC21/slim">

  <leader>00671nam a2200217Ia 4500</leader>
  <controlfield tag="005">20230901153147.0</controlfield>
  <controlfield tag="008">210716s2003    xx            000 0 und d</controlfield>
  <datafield tag="020" ind1=" " ind2=" ">
    <subfield code="a">8125914765</subfield>
  </datafield>
  <datafield tag="040" ind1=" " ind2=" ">
    <subfield code="c">AIMIT LIBRARY</subfield>
  </datafield>
  <datafield tag="041" ind1=" " ind2=" ">
    <subfield code="a">eng</subfield>
  </datafield>
  <datafield tag="082" ind1=" " ind2=" ">
    <subfield code="a">658.8342</subfield>
    <subfield code="2">1</subfield>
    <subfield code="b">SUMS</subfield>
  </datafield>
  <datafield tag="100" ind1=" " ind2=" ">
    <subfield code="a">Sumathi, S</subfield>
    <subfield code="9">132340</subfield>
  </datafield>
  <datafield tag="245" ind1=" " ind2=" ">
    <subfield code="a">Marketing research and consumer behaviour /</subfield>
    <subfield code="c">By S Sumathi and P Saravanvel</subfield>
  </datafield>
  <datafield tag="250" ind1=" " ind2=" ">
    <subfield code="a">1st ed.</subfield>
  </datafield>
  <datafield tag="260" ind1=" " ind2=" ">
    <subfield code="a">New Delhi :</subfield>
    <subfield code="b">Vikas Publishing House ,</subfield>
    <subfield code="c">2003.</subfield>
  </datafield>
  <datafield tag="300" ind1=" " ind2=" ">
    <subfield code="a">xvi,761p ;</subfield>
    <subfield code="b">PB :</subfield>
    <subfield code="c">21.5 cm</subfield>
  </datafield>
  <datafield tag="650" ind1=" " ind2=" ">
    <subfield code="a">Consumer Behavior</subfield>
    <subfield code="9">132341</subfield>
  </datafield>
  <datafield tag="650" ind1=" " ind2=" ">
    <subfield code="a">Marketing Research</subfield>
    <subfield code="9">132342</subfield>
  </datafield>
  <datafield tag="700" ind1=" " ind2=" ">
    <subfield code="a">Saravanavel, P</subfield>
    <subfield code="9">132343</subfield>
  </datafield>
  <datafield tag="942" ind1=" " ind2=" ">
    <subfield code="2">ddc</subfield>
    <subfield code="c">BK</subfield>
    <subfield code="e">1st</subfield>
    <subfield code="k">658.8342 SUMS</subfield>
  </datafield>
  <datafield tag="999" ind1=" " ind2=" ">
    <subfield code="c">198024</subfield>
    <subfield code="d">198024</subfield>
  </datafield>
  <datafield tag="952" ind1=" " ind2=" ">
    <subfield code="0">0</subfield>
    <subfield code="1">0</subfield>
    <subfield code="2">ddc</subfield>
    <subfield code="4">0</subfield>
    <subfield code="7">0</subfield>
    <subfield code="8">MBA</subfield>
    <subfield code="a">AIMIT</subfield>
    <subfield code="b">AIMIT</subfield>
    <subfield code="d">2004-09-01</subfield>
    <subfield code="g">230.00</subfield>
    <subfield code="i">Bill no:922; Bill dt:2004-08-03</subfield>
    <subfield code="l">0</subfield>
    <subfield code="o">658.8342 SUMS</subfield>
    <subfield code="p">MBA00589</subfield>
    <subfield code="r">2026-05-23 00:00:00</subfield>
    <subfield code="v">184.00</subfield>
    <subfield code="w">2021-07-16</subfield>
    <subfield code="y">BK</subfield>
  </datafield>
  <datafield tag="952" ind1=" " ind2=" ">
    <subfield code="0">0</subfield>
    <subfield code="1">0</subfield>
    <subfield code="2">ddc</subfield>
    <subfield code="4">0</subfield>
    <subfield code="7">0</subfield>
    <subfield code="8">MBA</subfield>
    <subfield code="a">AIMIT</subfield>
    <subfield code="b">AIMIT</subfield>
    <subfield code="d">2005-11-25</subfield>
    <subfield code="g">230.00</subfield>
    <subfield code="i">Bill no:6818; Bill dt:2005-11-14</subfield>
    <subfield code="l">0</subfield>
    <subfield code="o">658.8342 SUMS</subfield>
    <subfield code="p">MBA02363</subfield>
    <subfield code="r">2026-05-23 00:00:00</subfield>
    <subfield code="v">184.00</subfield>
    <subfield code="w">2021-07-16</subfield>
    <subfield code="y">BK</subfield>
  </datafield>
</record>
